Statistics for Irregular Plurals Quiz #2

Click here to take the quiz!

General Stats

  • This quiz has been taken 62,151 times
  • The average score is 12 of 21

Answer Stats

PluralSingular% Correct
TeethTooth
100%
PeoplePerson
91%
DiceDie
85%
HoovesHoof
79%
BacteriaBacterium
68%
AlumniAlumnus
66%
MediaMedium
65%
SalmonSalmon
64%
BrethrenBrother
62%
PhenomenaPhenomenon
60%
OvaOvum
57%
FociFocus
56%
DataDatum
55%
LiceLouse
54%
PaparazziPaparazzo
50%
PencePenny
49%
VerticesVertex
46%
DormiceDormouse
44%
CriteriaCriterion
42%
GeneraGenus
33%
VisceraViscus
7%

Score Distribution

Percentile by Number Answered

Percent of People with Each Score

Your Score History

You have not taken this quiz